01001nam a2200301 i 450000500170000000800410001702000180005804000350007604100080011108200170011910000240013624501020016025000210026226400320028330000550031533600270037033700330039733800280043050000230045865000230048165000330050465000420053765000200057970000370059970000360063694200120067299900150068420220317000159.0141031s2010 sp a gs 000 0 spa d a9788434226494 aCO-BoRNBPbspacCO-BoRNBPerda0 aspa04a745.5bS15d11 aSanz Muelas, Isabel10aDisfraces de objetosctextos Isabel Sanz, Mónica Martí ; dirección editorial Jesús Araujo aCuarta edición 1aBarcelonabParramónc2010 a47 páginasbilustraciones y fotos a colorc23 cm atextobtxt2rdacontent asin mediaciónbn2rdamedia avolumenbnc2rdacarrier aIncluye plantillas142LEMBaConfección142LEMBaDisfraces para niños142LEMBaTrabajos manuales (educación)142LEMBaDisfraces1 aMartí Garbayo, Mónica9174801 aAraujo, Jesúseeditor9129904 2ddccBK c3322d3322